| 000 | 01745nam a2200529 i 4500 | ||
|---|---|---|---|
| 001 | 7148 | ||
| 003 | KOSZ 005 | ||
| 005 | 20210329121650.0 | ||
| 008 | 210329s1970 pl a f f 000 0 pol | ||
| 015 | _aUWD 1971/1817 | ||
| 035 | _a991036254309705066 | ||
| 035 | _a(PL-WaBN)b19739989-48omnis_nlop | ||
| 035 | _ab19739989 | ||
| 035 | _a(OCoLC)749817424 | ||
| 035 | _azz2006922939 | ||
| 035 | _a(PL)b0000001973998 | ||
| 035 | _a(EXLNZ-48OMNIS_NETWORK)9910269743705606 | ||
| 040 |
_aWA N _cWA N _dKOSZ 005/AR |
||
| 046 | _k1970 | ||
| 080 | _a547 | ||
| 080 | _a(075.8) | ||
| 100 | 1 |
_aWawrzyczek, Wiktor _d(1911-1969) _eAutor |
|
| 245 | 1 | 0 |
_aChemia organiczna / _cWiktor Wawrzyczek. |
| 250 | _aWydanie 6 poprawione i uzupełnione. | ||
| 260 |
_aWarszawa : _bPaństwowe Wydawnictwo Naukowe, _c1970. |
||
| 300 |
_a320, [2] strony : _bilustracje ; _c23 cm. |
||
| 336 |
_aTekst _btxt _2rdacontent |
||
| 337 |
_aBez urządzenia pośredniczącego _bn _2rdamedia |
||
| 338 |
_aWolumin _bnc _2rdacarrier |
||
| 380 | _aKsiążki | ||
| 380 | _aPublikacje dydaktyczne | ||
| 380 | _aPublikacje fachowe | ||
| 380 | _aPublikacje naukowe | ||
| 385 |
_mPoziom nauczania _aSzkoły wyższe |
||
| 388 | _a1901-2000 | ||
| 388 | _a1945-1989 | ||
| 504 | _aBibliografia na stronach [319]-320. | ||
| 521 | _aSkrypt dla studentów wyższych szkół rolniczych | ||
| 650 | 7 |
_aChemia _2DBN |
|
| 650 | 7 |
_aChemia organiczna _2DBN |
|
| 655 | 7 |
_aPodręczniki akademickie _2DBN |
|
| 658 | _aChemia | ||
| 710 | 2 |
_4pbl _aPaństwowe Wydawnictwo Naukowe |
|
| 856 |
_uhttp://koha.tu.koszalin.pl/cgi-bin/koha/opac-detail.pl?biblionumber=7148 _yKatalog online BPK |
||
| 942 |
_2UKD _cKS |
||
| 999 |
_c7148 _d7148 |
||